000 00685nam a22002292 4500
001 0000004419
005 20151217154348.0
008 070523s xx 000 0 eng d
020 _a007234928X :
_cKES 400
040 _aKABU
_cKABU
050 0 _aQA76.9
_b.D3L38
100 1 _aLaudon, Kenneth C.
_@0000154968
245 1 0 _aMicrosoft Access 2000 /
_cKenneth C. Laudon, Jason Eiseman.
250 _aintroductory ed.
260 _aBoston :
_bMcGraw-Hill,
_c2000.
300 _avarious pagings.
650 0 _aMicrosoft Access 2000.
_@0000154964
700 1 _aEiseman, Jason.
_@0000154969
908 _a070523
950 _@1
999 _c10767
_d10767